Normal view
MARC view
- Administrative agencies
Entry Topical Term
001 - CONTROL NUMBER
- control field: 430
003 - CONTROL NUMBER IDENTIFIER
- control field: OSt
005 - DATE AND TIME OF LATEST TRANSACTION
- control field: 20170425114421.0
008 - FIXED-LENGTH DATA ELEMENTS
- fixed length control field: 170425|| aca||aabn | a|a d
040 ## - CATALOGING SOURCE
- Original cataloging agency: OSt
- Transcribing agency: OSt
150 ## - HEADING--TOPICAL TERM
- Topical term or geographic name entry element: Administrative agencies
- Geographic subdivision: Malaysia
- Form subdivision: Rules and practice
670 ## - SOURCE DATA FOUND
- Source citation: Work cat.: (OSt)0: Malaysia, jurisdiction governed. 400, PERINTAH-PERINTAH AM DAN ARAHAN PENTADBIRAN :

PORTAL AKMAL
E-MEL JKDM
AKMAL2U
G-BAM
u-PUSTAKA